[Event "Novokuznetsk op"]
[Site "Novokuznetsk"]
[Date "2008.08.16"]
[Round "5"]
[White "Astashkin, Denis"]
[Black "Nuzhdov, Vasiliy"]
[Result "1-0"]
[WhiteElo "2026"]
[BlackElo "2057"]
[PlyCount "79"]
[EventDate "2008.08.12"]
[EventType "swiss"]
[EventRounds "9"]
[EventCountry "RUS"]
[SourceTitle "EXT 2022"]
[Source "ChessBase"]
[SourceDate "2021.10.06"]
[SourceVersion "1"]
[SourceVersionDate "2021.10.06"]
[SourceQuality "1"]

1. c4 Nf6 2. Nf3 e6 3. Nc3 c6 4. d4 d5 5. e3 Nbd7 6. cxd5 exd5 7. Bd3 Be7 8. 0-0 Nf8 9. Qc2 Ng6 10. a3 0-0 11. b4 a6 12. Bb2 Re8 13. Ne5 Nf8 14. f4 N6d7 15. Kh1 f6 16. Nf3 Bd6 17. Rae1 Nb6 18. Bc1 Bg4 19. e4 dxe4 20. Bxe4 Be6 21. Nh4 Bf7 22. Nf5 Nd5 23. Nxd5 cxd5 24. Bd3 Rc8 25. Qd1 Rxe1 26. Rxe1 Qc7 27. Qg4 Ne6 28. Bd2 Kf8 29. g3 h5 30. Qh3 Rd8 31. Kg1 b5 32. Nxd6 Qxd6 33. Qf5 Nxd4 34. Qh7 Bg8 35. Qh8 Qd7 36. Be3 Ne6 37. Bh7 Kf7 38. f5 Ng5 39. Bg6+ Kf8 40. Bc5+ 1-0

[Event "Novokuznetsk op"]
[Site "Novokuznetsk"]
[Date "2008.08.14"]
[Round "3"]
[White "Astashkin, Denis"]
[Black "Storchak, Vitalij"]
[Result "1-0"]
[WhiteElo "2026"]
[BlackElo "2171"]
[PlyCount "81"]
[EventDate "2008.08.12"]
[EventType "swiss"]
[EventRounds "9"]
[EventCountry "RUS"]
[SourceTitle "EXT 2022"]
[Source "ChessBase"]
[SourceDate "2021.10.06"]
[SourceVersion "1"]
[SourceVersionDate "2021.10.06"]
[SourceQuality "1"]

1. e4 d6 2. d4 a6 3. Nf3 Bg4 4. Be3 Nf6 5. Bd3 Nbd7 6. 0-0 e5 7. c3 Be7 8. Nbd2 0-0 9. h3 Bh5 10. Re1 c6 11. Qc2 Qc7 12. Nh2 Bg6 13. f4 exf4 14. Bxf4 Nh5 15. Be3 Bh4 16. Rf1 Bg3 17. Bf2 c5 18. Bxg3 Nxg3 19. Rf3 Nh5 20. Ng4 cxd4 21. cxd4 Qb6 22. Nb3 Rac8 23. Qf2 a5 24. d5 Qxf2+ 25. Kxf2 a4 26. Nd4 Nhf6 27. Re1 Nxg4+ 28. hxg4 Ne5 29. Rg3 a3 30. bxa3 Rc3 31. Bb1 Rfc8 32. Rxc3 Rxc3 33. Nb5 Nxg4+ 34. Kg1 Rg3 35. Nxd6 Rxa3 36. Nxb7 Ne5 37. Rc1 h6 38. d6 Bh5 39. Rc5 f6 40. Rxe5 fxe5 41. d7 1-0